00382 2200157 4500001002100000005001500021035002000036245004000056100001800096300002600114260002800140082000800168084001400176020002200190990001200212INLIS00000000000294320250917110549 a0010-09250002901 aMaha Suci Cinta-Mu /cGanda Pekasih0 aGanda Pekasih a150 hlm ;c13 x 19 cm aJakarta :bZettu,c2012 a813 a813 GAN m a978-602-7735-00-2 a0755690